00470cam a2200133 i 4500020002500000082001200025100002700037245008100064260004000145300002900185504006700214650003800281650001700319 a9781473908109q(pbk) a364.1451 aNurse, Angus,eauthor.13aAn introduction to green criminology & environmental justice /cAngus Nurse. aLondon :bSage publications,c2016. axii, 222 pages ;c24 cm. aIncludes bibliographical references (pages 197-216) and index. 0aOffenses against the environment. 0aCriminology.